00387nam a22001217a 450000500170000000800410001704000070005804100120006508200220007710000210009924501160012065000290023620240319164624.0240319b ||||| |||| 00| 0 eng d cAL aEnglish 223a621.312bPORT aAnil George John aPortable Generators as a Solution to the Power Problems in Mangalore: A Study of the Businessman as a Consumer aProject Report 1993-1996